000 00789nam a2200229 i 4500
001 80775
003 ES-MaACL
005 20250729153536.0
007 t|
008 041029q1921 fr af |||| |dfre d
080 _a75(44)
100 1 _aHourticq, Louis.
_964341
245 1 0 _aDe Poussin a Watteau
_b: ou des origines de l'école parisienne de peinture /
_cLouis Hourticq.
260 _aParis :
_bHachette,
_c[1921?]
300 _a285 p., lám. ;
_c23 cm.
530 _aDisponible en formato digital.
650 4 _aPintura francesa-
_xHistoria.
_9136698
852 _aES-MaACL
_jG-5882
_cDEPO2
_zRevisado enlace: 29 de julio de 2025
856 4 _uhttps://archive.org/details/depoussinwatte00houruoft/page/n11/mode/2up
_y(Internet Archive)
942 _2udc
999 _c80775
_d80775